[Event "Dieren Reserve-C"]
[Site "Dieren"]
[Date "2013.08.01"]
[Round "9"]
[White "Janssen, Reinier"]
[Black "Van den Bergh, Dennis"]
[Result "1-0"]
[WhiteElo "1647"]
[BlackElo "1481"]
[PlyCount "123"]
[EventDate "2013.07.23"]
[EventType "swiss"]
[EventRounds "9"]
[EventCountry "NED"]
[SourceTitle "EXT 2014"]
[Source "ChessBase"]
[SourceDate "2013.11.20"]
[SourceVersion "1"]
[SourceVersionDate "2013.11.20"]
[SourceQuality "1"]

1. c4 e5 2. Nc3 Nf6 3. Nf3 d6 4. g3 c6 5. Bg2 Be6 6. b3 Nbd7 7. 0-0 Be7 8. d4 exd4 9. Nxd4 0-0 10. Bb2 Nb6 11. Qd2 d5 12. cxd5 Bxd5 13. Nxd5 Nfxd5 14. Rad1 a5 15. e4 Nc7 16. Qe2 Qe8 17. Nf5 Ne6 18. Qg4 f6 19. Nh6+ Kh8 20. Qxe6 gxh6 21. e5 Qf7 22. Qh3 Qg6 23. Bd4 c5 24. exf6 cxd4 25. fxe7 Rf7 26. Qh4 Re8 27. Qxd4+ Kg8 28. Rfe1 Rfxe7 29. Rxe7 Rxe7 30. Qc5 Rd7 31. Rxd7 Nxd7 32. Qd5+ Qf7 33. Qxf7+ Kxf7 34. Bxb7 Nc5 35. Bd5+ Kf6 36. Kg2 h5 37. Kf3 Kf5 38. Ke3 Kg4 39. Bf3+ Kh3 40. Bxh5 Kxh2 41. Be8 Kg2 42. g4 h6 43. Bc6+ Kh3 44. f3 Na6 45. a3 Nc5 46. b4 axb4 47. axb4 Na6 48. b5 Nb8 49. Kf4 Kh4 50. Be8 Kh3 51. Kf5 Kg3 52. Bc6 Kh4 53. Kg6 Kg3 54. Kxh6 Nxc6 55. bxc6 Kxf3 56. g5 Kg2 57. g6 Kg1 58. g7 Kh2 59. g8Q Kh1 60. c7 Kh2 61. c8Q Kh1 62. Qh3# 1-0

[Event "Dieren Reserve-C"]
[Site "Dieren"]
[Date "2013.07.31"]
[Round "8"]
[White "Hamer, Henk"]
[Black "Janssen, Reinier"]
[Result "0-1"]
[WhiteElo "1587"]
[BlackElo "1647"]
[PlyCount "80"]
[EventDate "2013.07.23"]
[EventType "swiss"]
[EventRounds "9"]
[EventCountry "NED"]
[SourceTitle "EXT 2014"]
[Source "ChessBase"]
[SourceDate "2013.11.20"]
[SourceVersion "1"]
[SourceVersionDate "2013.11.20"]
[SourceQuality "1"]

1. e4 c5 2. c4 Nc6 3. Nf3 g6 4. Nc3 Bg7 5. d3 d6 6. Bd2 Nf6 7. Be2 0-0 8. 0-0 Bg4 9. Qc1 Bxf3 10. Bxf3 Nd4 11. Bd1 Nd7 12. Bh6 Ne5 13. Bxg7 Kxg7 14. Qd2 a6 15. f4 Nec6 16. Bg4 b5 17. b3 b4 18. Nd5 e6 19. Ne3 a5 20. Qb2 Qf6 21. Rf2 a4 22. Raf1 axb3 23. axb3 Ra3 24. Bd1 Na5 25. Ng4 Qd8 26. f5 exf5 27. exf5 Naxb3 28. Bxb3 Rxb3 29. f6+ Kh8 30. Qd2 d5 31. Qh6 Rg8 32. Ne5 Qf8 33. Qh4 dxc4 34. dxc4 Re3 35. Nd7 Qd6 36. Qh6 Re4 37. Qh3 Re6 38. Rf4 Ne2+ 39. Kh1 Nxf4 40. g3 Nxh3 0-1

[Event "Dieren Reserve-C"]
[Site "Dieren"]
[Date "2013.07.30"]
[Round "7"]
[White "Janssen, Reinier"]
[Black "Van Duijl, Henri V"]
[Result "1-0"]
[WhiteElo "1647"]
[BlackElo "1569"]
[PlyCount "125"]
[EventDate "2013.07.23"]
[EventType "swiss"]
[EventRounds "9"]
[EventCountry "NED"]
[SourceTitle "EXT 2014"]
[Source "ChessBase"]
[SourceDate "2013.11.20"]
[SourceVersion "1"]
[SourceVersionDate "2013.11.20"]
[SourceQuality "1"]

1. c4 c5 2. Nc3 Nf6 3. Nf3 g6 4. g3 Bg7 5. Bg2 d6 6. 0-0 0-0 7. d4 cxd4 8. Nxd4 a6 9. b3 Nfd7 10. Bb2 Ne5 11. Qd2 Nbc6 12. Nxc6 Nxc6 13. Nd5 Bxb2 14. Qxb2 f6 15. Nf4 Ne5 16. Bd5+ Nf7 17. Ne6 Bxe6 18. Bxe6 Qb6 19. h4 Kg7 20. Rad1 Nd8 21. Bh3 Nc6 22. Qd2 Qa5 23. Qb2 Ne5 24. Rd5 Qb6 25. Qc2 f5 26. Qb2 Rf6 27. c5 Qb5 28. Rfd1 Ng4 29. cxd6 Qb6 30. Qd4 Qxd4 31. R1xd4 exd6 32. Rxd6 Rf7 33. Rd7 Raf8 34. Bg2 b6 35. Rxf7+ Rxf7 36. Rd6 Rf6 37. Rxf6 Nxf6 38. Bc6 Kf8 39. Kg2 Ke7 40. Kf3 Kd6 41. Bb7 a5 42. Kf4 h6 43. e4 Nh5+ 44. Ke3 Ke5 45. exf5 gxf5 46. Kd3 Nf6 47. f3 Nh5 48. g4 Nf4+ 49. Kc4 Ne6 50. Bc8 b5+ 51. Kxb5 Nd4+ 52. Kxa5 Nxf3 53. Bxf5 h5 54. Bc8 hxg4 55. Bxg4 Nxh4 56. b4 Kd6 57. b5 Kc7 58. a4 Ng6 59. b6+ Kb8 60. Kb5 Ne5 61. Bh3 Nf7 62. a5 Nd6+ 63. Kc6 1-0